00361nam a2200121Ia 4500008004100000082001700041100002100058245003200079260005000111300001000161630003100171650003700202211118s9999||||xx |||||||||||||| ||und|| a25.21bRAN-L aRanganathan, S R 0aLibrary Book Selection Ed.2 bSarada Ranganathan EndowmentaBangalorec1989 a436p. xLibrary Science Collection aLibrary SciencevLibrary Science